Yu-gi-oh! Zexal. Vol. 5 story by Shin Yoshida ; ... Read More
Available copies
- 3 of 3 copies available at LARL/NWRL Consortium.
- 3 of 3 copies available at Lake Agassiz Regional Library. (Show preferred library)
Current holds
0 current holds with 3 total copies.
Show Only Available Copies
| Location | Call Number / Copy Notes | Barcode | Shelving Location | Status | Due Date |
|---|---|---|---|---|---|
| Crookston Public Library | Y G YOS (Text) | 33500011885142 | Main | Available | - |
| Detroit Lakes Public Library | Y G YOS (Text) | 33500011885126 | Main | Available | - |
| Moorhead Public Library | Y G YOS (Text) | 33500011885134 | Main | Available | - |
Record details
- ISBN: 9781421569185
- ISBN: 1421569183
- Physical Description: 174 pages : chiefly illustrations ; 19 cm
- Edition: Shonen Jump manga edition.
- Publisher: San Francisco, CA : VIZ Media, LLC, 2014
Content descriptions
| General Note: | Reads from right to left. "Original concept by Kazuki Takahashi." |
| Summary, etc.: | The Numbers War heats up and Yuma and the Numbers ... Read More |
| Target Audience Note: | Rated T for teen. |
| Language Note: | Translated from the Japanese. |
Search for related items by subject
| Subject: | Yu-Gi-Oh! (Game) > Comic books, strips, etc. Augmented reality > Comic books, strips, etc. Dueling > Comic books, strips, etc. |
| Genre: | Graphic novels. |
Search for related items by series
| LDR | 02012cam a2200481Ii 4500 | ||
|---|---|---|---|
| 001 | 168279 | ||
| 003 | LARL_NWRL_CONSORTIUM | ||
| 005 | 20140710145522.0 | ||
| 008 | 131107s2014 caua j 6 000 1 eng d | ||
| 020 | . | ‡a9781421569185 | |
| 020 | . | ‡a1421569183 | |
| 035 | . | ‡a(OCoLC)862347899 | |
| 040 | . | ‡aYDXCP ‡beng ‡erda ‡cYDXCP ‡dBTCTA ‡dWIM ‡dCLE ‡dIHI | |
| 041 | 1 | . | ‡aeng ‡hjpn |
| 043 | . | ‡aa-ja--- | |
| 082 | 0 | 4. | ‡a741.5952 ‡223 |
| 100 | 1 | . | ‡aYoshida, Shin, ‡eauthor. |
| 245 | 1 | 0. | ‡aYu-gi-oh! Zexal. ‡nVol. 5 ‡cstory by Shin Yoshida ; art by Naohito Miyoshi. |
| 250 | . | ‡aShonen Jump manga edition. | |
| 260 | . | ‡aSan Francisco, CA : ‡bVIZ Media, LLC, ‡c2014 | |
| 300 | . | ‡a174 pages : ‡bchiefly illustrations ; ‡c19 cm | |
| 336 | . | ‡atext ‡btxt ‡2rdacontent | |
| 336 | . | ‡astill image ‡bsti ‡2rdacontent | |
| 337 | . | ‡aunmediated ‡bn ‡2rdamedia | |
| 338 | . | ‡avolume ‡bnc ‡2rdacarrier | |
| 490 | 0 | . | ‡aYu-Gi-Oh! Zexal ; ‡v5 |
| 546 | . | ‡aTranslated from the Japanese. | |
| 500 | . | ‡aReads from right to left. | |
| 500 | . | ‡a"Original concept by Kazuki Takahashi." | |
| 520 | . | ‡aThe Numbers War heats up and Yuma and the Numbers Club try to track down more cards; meanwhile, Yuma aims to figure out why expert Duelist Kaito is seeking the Numbers cards. | |
| 521 | 8 | . | ‡aRated T for teen. |
| 650 | 0. | ‡aYu-Gi-Oh! (Game) ‡vComic books, strips, etc. | |
| 650 | 0. | ‡aAugmented reality ‡vComic books, strips, etc. | |
| 650 | 0. | ‡aDueling ‡vComic books, strips, etc. | |
| 655 | 7. | ‡aGraphic novels. ‡2lcsh | |
| 700 | 1 | . | ‡aMiyoshi, Naohito, ‡d1972- ‡eillustrator. |
| 948 | . | ‡hNO HOLDINGS IN LAL - 61 OTHER HOLDINGS | |
| 994 | . | ‡aZ0 ‡bLAL | |
| 901 | . | ‡a168279 ‡bOCLC ‡c168279 ‡tbiblio | |

Add to basket
Permalink
Disable Highlighting